| 000 | 00474nam a2200193Ia 4500 | ||
|---|---|---|---|
| 003 | OSt | ||
| 005 | 20140321104648.0 | ||
| 008 | 140306s9999 xx 000 0 und d | ||
| 020 | _a159707070 | ||
| 050 |
_aFIC _bL796H10 2007 |
||
| 100 | _aLobdell, Scott | ||
| 245 | 2 |
_aA hardy day's night / _cScott Lobdell. |
|
| 260 |
_aNew York : _bScholastic Inc., _cc2007. |
||
| 300 |
_bcol. ill. ; _c18 cm. |
||
| 521 | _aG5 | ||
| 526 | _c700 | ||
| 942 |
_cBK _2lcc |
||
| 999 |
_c42806 _d42806 |
||